[Event "112th US Open (2011)"]
[Site "SchemingMind.com"]
[Date "2012.11.05"]
[Round "-"]
[White "Olli Ylönen"]
[Black "Till Plewe"]
[Result "0-1"]
[WhiteCountry "FIN"]
[BlackCountry "JPN"]
[WhiteElo "1893"]
[WhiteRD "56"]
[BlackElo "2349"]
[BlackRD "73"]
[GameID "320690"]

1. e4 c5 2. d4 cxd4 3. c3 dxc3 4. Nxc3 e6 5. Nf3 Nc6 6. Bc4 Nf6 7. Qe2 Qc7 8. e5 Ng4 9. Bf4 d5 10. exd6 Bxd6
11. Nb5 Bb4+ 12. Bd2 Qe7 13. Bxb4 Nxb4 14. O-O a6 15. Nc3 O-O 16. Nd4 Nxh2 17. a3 Nxf1 18. axb4 Nh2 19. Kxh2 Qh4+
0-1

[Event "112th US Open (2011)"]
[Site "SchemingMind.com"]
[Date "2012.11.05"]
[Round "-"]
[White "Till Plewe"]
[Black "Olli Ylönen"]
[Result "1-0"]
[WhiteCountry "JPN"]
[BlackCountry "FIN"]
[WhiteElo "2353"]
[WhiteRD "77"]
[BlackElo "1906"]
[BlackRD "55"]
[GameID "320691"]

1. e4 c5 2. d4 cxd4 3. c3 dxc3 4. Nxc3 Nc6 5. Nf3 e6 6. Bc4 a6 7. O-O b5 8. Bb3 Bb7 9. a4 b4 10. Nd5 d6
11. Bg5 f6 12. Nf4 fxg5 13. Nxe6 Qe7 14. Nexg5 Nh6 15. Rc1 Ne5 16. Ne6 Rc8 17. Nxe5 dxe5 18. Qh5+ g6 19. Qxe5 Nf7 20. Nc7+ Rxc7
21. Bxf7+
1-0

[Event "112th US Open (2011)"]
[Site "SchemingMind.com"]
[Date "2012.11.06"]
[Round "-"]
[White "kubinet"]
[Black "Olli Ylönen"]
[Result "0-1"]
[WhiteCountry "GER"]
[BlackCountry "FIN"]
[WhiteElo "1449"]
[WhiteRD "57"]
[BlackElo "1841"]
[BlackRD "55"]
[GameID "320721"]

1. e4 c5 2. d4 cxd4 3. c3 dxc3 4. Nxc3 Nc6 5. Nf3 e6 6. Bc4 a6 7. a3 Qc7 8. Bb3 Bd6 9. O-O b5 10. Be3 Bb7
11. Rc1 Nf6 12. h3 O-O 13. Nd4 Qb8 14. Qd2 Nxd4 15. Qxd4 e5 16. Qd3 b4 17. axb4 Bxb4 18. Nd5 Nxd5 19. Bxd5 Bxd5 20. Qxd5 d6
21. Rc4 a5 22. f4 exf4 23. Bxf4 Bc5+ 24. Kh2 Qxb2 25. Bxd6 Bxd6+ 26. Qxd6 Qe2 27. Rfc1 a4 28. Ra1 Qxc4
0-1

[Event "112th US Open (2011)"]
[Site "SchemingMind.com"]
[Date "2012.11.06"]
[Round "-"]
[White "Olli Ylönen"]
[Black "kubinet"]
[Result "1-0"]
[WhiteCountry "FIN"]
[BlackCountry "GER"]
[WhiteElo "1906"]
[WhiteRD "55"]
[BlackElo "1454"]
[BlackRD "44"]
[GameID "320723"]

1. e4 c5 2. d4 cxd4 3. c3 dxc3 4. Nxc3 Nc6 5. Nf3 d6 6. Bc4 g6 7. e5 e6 8. exd6 Qxd6 9. O-O Qc5 10. Nb5 Qxc4
11. Nc7+
1-0

[Event "112th US Open (2011)"]
[Site "SchemingMind.com"]
[Date "2012.11.06"]
[Round "-"]
[White "Till Plewe"]
[Black "kubinet"]
[Result "1-0"]
[WhiteCountry "JPN"]
[BlackCountry "GER"]
[WhiteElo "2358"]
[WhiteRD "72"]
[BlackElo "1415"]
[BlackRD "50"]
[GameID "320724"]

1. e4 c5 2. d4 cxd4 3. c3 dxc3 4. Nxc3 Nc6 5. Nf3 d6 6. Bc4 e6 7. O-O a6 8. Qe2 b5 9. Bb3 Nf6 10. Rd1 Qc7
11. Bf4 e5 12. Bg5 Be7 13. Rac1 Qb8 14. Bxf6 Bxf6 15. Nd5 Bd8 16. Rxc6 O-O 17. Ne3 Be7 18. Bd5 Bb7 19. Rb6 Ra7 20. Nf5 Bd8
21. Rxb7 Rxb7 22. Bxb7 Qxb7 23. Nxd6 Qe7 24. Qd2 g6 25. Qd5 Bc7 26. Nxe5 Rd8 27. Nexf7 Rxd6 28. Nxd6+
1-0

[Event "112th US Open (2011)"]
[Site "SchemingMind.com"]
[Date "2012.11.11"]
[Round "-"]
[White "Till Plewe"]
[Black "Lucas the Pirate"]
[Result "1-0"]
[WhiteCountry "JPN"]
[BlackCountry "ISR"]
[WhiteElo "2358"]
[WhiteRD "72"]
[BlackElo "1702"]
[BlackRD "147"]
[GameID "321006"]

1. e4 c5 2. d4 cxd4 3. c3 dxc3 4. Nxc3 Nc6 5. Nf3 e5 6. Bc4 Bb4 7. Ng5 Nh6 8. O-O d6 9. f4 Bxc3 10. bxc3 O-O
11. f5
1-0

[Event "112th US Open (2011)"]
[Site "SchemingMind.com"]
[Date "2012.11.15"]
[Round "-"]
[White "Scooter"]
[Black "Olli Ylönen"]
[Result "0-1"]
[WhiteCountry "USA"]
[BlackCountry "FIN"]
[WhiteElo "1764"]
[WhiteRD "51"]
[BlackElo "1893"]
[BlackRD "56"]
[GameID "321502"]

1. e4 c5 2. d4 cxd4 3. c3 dxc3 4. Nxc3 Nc6 5. Nf3 e6 6. Bf4 a6 7. Be2 d6 8. O-O Be7 9. h3 e5 10. Bg3 f5
11. exf5 Bxf5 12. Nd5 Nf6 13. Bc4 b5 14. Nxf6+ Bxf6 15. Bd5 Rc8 16. Rc1 Qd7 17. Nh4 Be6 18. Bxe6 Qxe6 19. Re1 O-O 20. Qe2 Nd4
21. Qd3 Rxc1 22. Rxc1 Qxa2
0-1

[Event "112th US Open (2011)"]
[Site "SchemingMind.com"]
[Date "2012.11.15"]
[Round "-"]
[White "Scooter"]
[Black "Till Plewe"]
[Result "0-1"]
[WhiteCountry "USA"]
[BlackCountry "JPN"]
[WhiteElo "1764"]
[WhiteRD "51"]
[BlackElo "2349"]
[BlackRD "73"]
[GameID "321503"]

1. e4 c5 2. d4 cxd4 3. c3 dxc3 4. Nxc3 e6 5. Nf3 d6 6. Bb5+ Bd7 7. Bxd7+ Nxd7 8. O-O Ngf6 9. Bg5 Be7 10. Nb5 Qb6
11. Qb3 a6 12. Nbd4 Qxb3 13. Nxb3 Nxe4 14. Bxe7 Kxe7 15. Rac1 Rhc8 16. Na5 Nec5 17. b4 Nd3 18. Rxc8 Rxc8 19. Rd1 b6
0-1

[Event "112th US Open (2011)"]
[Site "SchemingMind.com"]
[Date "2012.11.15"]
[Round "-"]
[White "Olli Ylönen"]
[Black "Scooter"]
[Result "1-0"]
[WhiteCountry "FIN"]
[BlackCountry "USA"]
[WhiteElo "1893"]
[WhiteRD "56"]
[BlackElo "1764"]
[BlackRD "51"]
[GameID "321506"]

1. e4 c5 2. d4 cxd4 3. c3 dxc3 4. Nxc3 Nc6 5. Nf3 e6 6. Bc4 Nf6 7. Qe2 Bb4 8. O-O Bxc3 9. bxc3 O-O 10. e5 Ne8
11. Ba3 d6 12. Rfd1 Qa5 13. Bxd6 Nxd6 14. Rxd6 Qxc3 15. Rad1 Qa5 16. Qe4 Qb4 17. Ng5 g6 18. Qh4 h5 19. Nf3 Qa4 20. Qf4 Na5
21. Qh6
1-0

[Event "112th US Open (2011)"]
[Site "SchemingMind.com"]
[Date "2012.11.15"]
[Round "-"]
[White "Till Plewe"]
[Black "Scooter"]
[Result "1-0"]
[WhiteCountry "JPN"]
[BlackCountry "USA"]
[WhiteElo "2353"]
[WhiteRD "77"]
[BlackElo "1775"]
[BlackRD "47"]
[GameID "321507"]

1. e4 c5 2. d4 cxd4 3. c3 dxc3 4. Nxc3 Nc6 5. Nf3 e6 6. Bc4 Bb4 7. O-O Nf6 8. e5 Bxc3 9. bxc3 Ng8 10. Ba3 Nge7
11. Re1 O-O 12. Qd3 a6 13. Rad1 b5 14. Bb3 Re8 15. Ng5 Ng6 16. h4 h6 17. Nxf7 Kxf7 18. Qf5+
1-0

[Event "112th US Open (2011)"]
[Site "SchemingMind.com"]
[Date "2012.11.19"]
[Round "-"]
[White "kubinet"]
[Black "Scooter"]
[Result "0-1"]
[WhiteCountry "GER"]
[BlackCountry "USA"]
[WhiteElo "1454"]
[WhiteRD "44"]
[BlackElo "1775"]
[BlackRD "47"]
[GameID "321508"]

1. e4 c5 2. d4 cxd4 3. c3 dxc3 4. Nxc3 Nc6 5. Nf3 e6 6. Bc4 Bb4 7. Bd2 Nf6 8. Qe2 O-O 9. O-O Bxc3 10. Bxc3 d5
0-1

[Event "112th US Open (2011)"]
[Site "SchemingMind.com"]
[Date "2012.11.21"]
[Round "-"]
[White "Iucounu"]
[Black "Scooter"]
[Result "1/2-1/2"]
[WhiteCountry "ENG"]
[BlackCountry "USA"]
[WhiteElo "1409"]
[WhiteRD "52"]
[BlackElo "1774"]
[BlackRD "54"]
[GameID "321785"]

1. e4 c5 2. d4 cxd4 3. c3 dxc3 4. Nxc3 Nc6 5. Nf3 e6 6. Bc4 d6 7. O-O Nf6 8. Qe2 Be7 9. Rd1 O-O 10. e5 Nh5
11. exd6 Bf6 12. Ne4 g6 13. Nxf6+ Nxf6 14. Bg5 Bd7 15. Ne5 Nxe5 16. Qxe5 Ng4 17. Qf4 f6 18. Qxg4 fxg5 19. Bxe6+ Bxe6 20. Qxe6+ Kg7
21. Qe7+ Rf7 22. Qxd8 Rxd8 23. Rac1 Rfd7 24. g3 Kf6 25. Kg2 Ke6 26. b4 Rxd6 27. Rxd6+ Rxd6 28. Rc7 Rd7 29. Rxd7 Kxd7 30. Kf3 h5
31. Ke4 Kd6 32. a4 g4 33. Kd4 a6 34. a5 g5 35. Ke4 Ke6 36. Kd4 Kd6 37. Ke4 Ke6=
1/2-1/2

[Event "112th US Open (2011)"]
[Site "SchemingMind.com"]
[Date "2012.11.23"]
[Round "-"]
[White "Iucounu"]
[Black "Olli Ylönen"]
[Result "0-1"]
[WhiteCountry "ENG"]
[BlackCountry "FIN"]
[WhiteElo "1400"]
[WhiteRD "52"]
[BlackElo "1812"]
[BlackRD "55"]
[GameID "321786"]

1. e4 c5 2. d4 cxd4 3. c3 dxc3 4. Nxc3 Nc6 5. Nf3 e6 6. Bc4 a6 7. O-O b5 8. Bd3 Bc5 9. a3 d6 10. b4 Bb6
11. Re1 Nge7 12. Bf4 O-O 13. Bc2 e5 14. Bg3 Ng6 15. Nd5 Ba7 16. h3 Kh8 17. Qd2 f5 18. exf5 Bxf5 19. Rac1 Bxh3 20. gxh3 Rxf3
21. Bxg6 hxg6 22. Rxc6 Rxg3+ 23. Kf1 Rxh3 24. Ne3 Bxe3 25. Rxe3 Rxe3 26. Qxe3 Qd7 27. Qg3 Qxc6
0-1

[Event "112th US Open (2011)"]
[Site "SchemingMind.com"]
[Date "2012.11.21"]
[Round "-"]
[White "Iucounu"]
[Black "Till Plewe"]
[Result "0-1"]
[WhiteCountry "ENG"]
[BlackCountry "JPN"]
[WhiteElo "1400"]
[WhiteRD "52"]
[BlackElo "2334"]
[BlackRD "70"]
[GameID "321787"]

1. e4 c5 2. d4 cxd4 3. c3 dxc3 4. Nxc3 Nc6 5. Nf3 d6 6. Bc4 a6 7. O-O Nf6 8. h3 e6 9. Qe2 Be7 10. Bg5 h6
11. Bh4 Bd7 12. b3 Rc8 13. Bg3 O-O 14. Rfd1 b5 15. Bd3 Nb4 16. Qd2 Nxd3 17. Qxd3 b4 18. Ne2 Bb5 19. Qe3 d5 20. Nfd4 Nxe4
21. Nxb5 axb5 22. Rac1 Bc5 23. Qf3 Qb6 24. Nf4 Nxg3
0-1

[Event "112th US Open (2011)"]
[Site "SchemingMind.com"]
[Date "2012.11.21"]
[Round "-"]
[White "Scooter"]
[Black "Iucounu"]
[Result "1-0"]
[WhiteCountry "USA"]
[BlackCountry "ENG"]
[WhiteElo "1774"]
[WhiteRD "54"]
[BlackElo "1409"]
[BlackRD "52"]
[GameID "321790"]

1. e4 c5 2. d4 cxd4 3. c3 dxc3 4. Nxc3 Nc6 5. Nf3 e6 6. Be2 Nf6 7. O-O Qc7 8. Nb5 Qb6 9. Be3 Qd8 10. Bf4 d6
11. Nxd6+ Bxd6 12. Bxd6 Nxe4 13. Bf4 O-O 14. Qxd8 Rxd8 15. Rfd1 Rxd1+ 16. Rxd1 h6 17. Bb5 Kf8 18. Bxc6 bxc6 19. Ne5 Bb7 20. Rd7 f6
21. Ng6+ Kg8 22. Rxb7 Kh7 23. Ne7 c5 24. Nc6 e5 25. Be3 a5 26. f3 Nd6 27. Rd7 Nf5 28. Bxc5 Ra6 29. Ne7 Nxe7 30. Rxe7 Ra8
31. Ra7 Rxa7 32. Bxa7
1-0

[Event "112th US Open (2011)"]
[Site "SchemingMind.com"]
[Date "2012.11.21"]
[Round "-"]
[White "Olli Ylönen"]
[Black "Iucounu"]
[Result "1/2-1/2"]
[WhiteCountry "FIN"]
[BlackCountry "ENG"]
[WhiteElo "1812"]
[WhiteRD "55"]
[BlackElo "1400"]
[BlackRD "52"]
[GameID "321791"]

1. e4 c5 2. d4 cxd4 3. c3 dxc3 4. Nxc3 Nc6 5. Nf3 e6 6. Bc4 d6 7. Qe2 Nf6 8. O-O Be7 9. Rd1 e5 10. h3 O-O
11. Be3 Be6 12. Bxe6 fxe6 13. Rac1 Rc8 14. b4 Nxb4 15. Qb5 d5 16. exd5 Nbxd5 17. Qxb7 Rc7 18. Qa6 Qc8 19. Qxc8 Rcxc8 20. Nxd5 Nxd5
21. Rxc8 Rxc8 22. Nxe5 a6 23. Rc1 Rxc1+ 24. Bxc1 Bf6 25. Nd7 Nb4 26. Nxf6+ gxf6 27. a3 Nc2 28. a4 h5 29. f4 Kf7 30. Kf2 Nd4
31. Be3 Nc6 32. Kf3 e5 33. fxe5 Nxe5+ 34. Ke4=
1/2-1/2

[Event "112th US Open (2011)"]
[Site "SchemingMind.com"]
[Date "2012.11.21"]
[Round "-"]
[White "Till Plewe"]
[Black "Iucounu"]
[Result "1-0"]
[WhiteCountry "JPN"]
[BlackCountry "ENG"]
[WhiteElo "2358"]
[WhiteRD "72"]
[BlackElo "1420"]
[BlackRD "55"]
[GameID "321792"]

1. e4 c5 2. d4 cxd4 3. c3 dxc3 4. Nxc3 Nc6 5. Nf3 e6 6. Bc4 d6 7. O-O Nf6 8. Qe2 Be7 9. Rd1 d5 10. exd5 Nxd5
11. Nxd5 exd5 12. Bxd5 Qc7 13. Re1 Qd6 14. Bxc6+ bxc6 15. Bf4 Qe6 16. Qc2 Qg6 17. Rxe7+ Kxe7 18. Qc5+ Ke8 19. Re1+ Be6 20. Qxc6+ Ke7
21. Bd6+ Kf6 22. Qc3+ Kf5 23. Qe5+ Kg4 24. h3#
1-0

[Event "112th US Open (2011)"]
[Site "SchemingMind.com"]
[Date "2012.11.22"]
[Round "-"]
[White "DanTheBugMan"]
[Black "Olli Ylönen"]
[Result "0-1"]
[WhiteCountry "USA"]
[BlackCountry "FIN"]
[WhiteElo "1768"]
[WhiteRD "85"]
[BlackElo "1841"]
[BlackRD "55"]
[GameID "321849"]

1. e4 c5 2. d4 cxd4 3. c3 dxc3 4. Nxc3 e6 5. Bc4 a6 6. Nf3 Nc6 7. O-O Nge7 8. Bg5 f6 9. Be3 b5 10. Bb3 Ng6
11. Nd5 exd5 12. Qxd5 Qe7 13. Rfd1 Nge5
0-1

[Event "112th US Open (2011)"]
[Site "SchemingMind.com"]
[Date "2012.11.22"]
[Round "-"]
[White "DanTheBugMan"]
[Black "Till Plewe"]
[Result "1/2-1/2"]
[WhiteCountry "USA"]
[BlackCountry "JPN"]
[WhiteElo "2038"]
[WhiteRD "102"]
[BlackElo "2358"]
[BlackRD "72"]
[GameID "321850"]

1. e4 c5 2. d4 cxd4 3. c3 dxc3 4. Nxc3 e6 5. Nf3 Nc6 6. Bc4 Nf6 7. O-O Nxe4 8. Nxe4 d5 9. Bd3 dxe4 10. Bxe4 Qxd1
11. Rxd1 Be7 12. Be3 Bd7 13. Rac1 Rc8 14. Nd4 a6 15. Nxc6 Bxc6 16. Bxc6+ Rxc6 17. Rxc6 bxc6 18. Rd4 O-O 19. Rc4=
1/2-1/2

[Event "112th US Open (2011)"]
[Site "SchemingMind.com"]
[Date "2012.11.23"]
[Round "-"]
[White "DanTheBugMan"]
[Black "Iucounu"]
[Result "0-1"]
[WhiteCountry "USA"]
[BlackCountry "ENG"]
[WhiteElo "1768"]
[WhiteRD "85"]
[BlackElo "1409"]
[BlackRD "52"]
[GameID "321851"]

1. e4 c5 2. d4 cxd4 3. c3 dxc3 4. Nxc3 Nc6 5. Nf3 e6 6. Bc4 d6 7. O-O Nf6 8. Qe2 Be7 9. Rd1 e5 10. Be3 O-O
11. b4 a6 12. a4 Nxb4 13. Nxe5 Be6 14. Bxe6 fxe6
0-1

[Event "112th US Open (2011)"]
[Site "SchemingMind.com"]
[Date "2012.11.23"]
[Round "-"]
[White "Scooter"]
[Black "DanTheBugMan"]
[Result "0-1"]
[WhiteCountry "USA"]
[BlackCountry "USA"]
[WhiteElo "1775"]
[WhiteRD "47"]
[BlackElo "2027"]
[BlackRD "113"]
[GameID "321854"]

1. e4 c5 2. d4 cxd4 3. c3 dxc3 4. Nxc3 Nc6 5. Nf3 g6 6. Bf4 Bg7 7. Be2 Nf6 8. Nb5 d6 9. O-O Nxe4 10. Rb1 O-O
11. Bd3 Nc5 12. b4 Nxd3 13. Qxd3 Bf5
0-1

[Event "112th US Open (2011)"]
[Site "SchemingMind.com"]
[Date "2012.11.22"]
[Round "-"]
[White "Olli Ylönen"]
[Black "DanTheBugMan"]
[Result "1-0"]
[WhiteCountry "FIN"]
[BlackCountry "USA"]
[WhiteElo "1841"]
[WhiteRD "55"]
[BlackElo "1768"]
[BlackRD "85"]
[GameID "321855"]

1. e4 c5 2. d4 cxd4 3. c3 dxc3 4. Nxc3 Nc6 5. Nf3 g6 6. Bc4 Bg7 7. O-O d6 8. Qe2 Nf6 9. h3 O-O 10. Rd1 Bd7
11. Bf4 Rc8 12. Rac1 a6 13. Bb3 Na5 14. Nd5
1-0

[Event "112th US Open (2011)"]
[Site "SchemingMind.com"]
[Date "2012.11.22"]
[Round "-"]
[White "Till Plewe"]
[Black "DanTheBugMan"]
[Result "1-0"]
[WhiteCountry "JPN"]
[BlackCountry "USA"]
[WhiteElo "2357"]
[WhiteRD "66"]
[BlackElo "1768"]
[BlackRD "85"]
[GameID "321856"]

1. e4 c5 2. d4 cxd4 3. c3 dxc3 4. Nxc3 Nc6 5. Nf3 g6 6. Bc4 Bg7 7. e5 Nxe5 8. Nxe5 Bxe5 9. Bxf7+ Kxf7 10. Qd5+ Kg7
11. Qxe5+ Nf6 12. O-O d6 13. Qe2 Bd7 14. Be3 b6 15. Rfe1 Re8 16. Bg5 h6 17. Be3
1-0

[Event "112th US Open (2011)"]
[Site "SchemingMind.com"]
[Date "2012.11.23"]
[Round "-"]
[White "Iucounu"]
[Black "DanTheBugMan"]
[Result "1-0"]
[WhiteCountry "ENG"]
[BlackCountry "USA"]
[WhiteElo "1409"]
[WhiteRD "52"]
[BlackElo "1768"]
[BlackRD "85"]
[GameID "321857"]

1. e4 c5 2. d4 cxd4 3. c3 dxc3 4. Nxc3 Nc6 5. Nf3 g6 6. Bc4 Bg7 7. O-O d6 8. Ng5 Ne5 9. Bd5 Nf6 10. Bf4 Nxd5
11. Qxd5 O-O 12. Rac1 h6 13. Bxe5 Bxe5 14. Nf3 Bg7 15. Rfd1 Qb6 16. Qb3
1-0

[Event "112th US Open (2011)"]
[Site "SchemingMind.com"]
[Date "2012.12.14"]
[Round "-"]
[White "Ezedoke"]
[Black "DanTheBugMan"]
[Result "1-0"]
[WhiteCountry "ARG"]
[BlackCountry "USA"]
[WhiteElo "2305"]
[WhiteRD "63"]
[BlackElo "1768"]
[BlackRD "85"]
[GameID "323085"]

1. e4 c5 2. d4 cxd4 3. c3 dxc3 4. Nxc3 Nc6 5. Nf3 g6 6. Bc4 Bg7 7. Ng5 Nh6 8. Bf4 O-O 9. O-O d6 10. h3 Ne5
11. Bb3 Kh8 12. Be3 f5 13. f4 Nef7 14. Qd2 Nxg5 15. fxg5 Nf7 16. exf5
1-0

[Event "112th US Open (2011)"]
[Site "SchemingMind.com"]
[Date "2012.12.12"]
[Round "-"]
[White "Ezedoke"]
[Black "Scooter"]
[Result "1-0"]
[WhiteCountry "ARG"]
[BlackCountry "USA"]
[WhiteElo "2000"]
[WhiteRD "87"]
[BlackElo "1775"]
[BlackRD "47"]
[GameID "323087"]

1. e4 c5 2. d4 cxd4 3. c3 dxc3 4. Nxc3 Nc6 5. Nf3 e6 6. Bc4 Bb4 7. O-O Bxc3 8. bxc3 Qc7 9. Ba3 Ne5 10. Nxe5 Qxe5
11. f4 Qxe4 12. Qd6
1-0

[Event "112th US Open (2011)"]
[Site "SchemingMind.com"]
[Date "2012.12.13"]
[Round "-"]
[White "Ezedoke"]
[Black "Olli Ylönen"]
[Result "1-0"]
[WhiteCountry "ARG"]
[BlackCountry "FIN"]
[WhiteElo "2000"]
[WhiteRD "87"]
[BlackElo "1906"]
[BlackRD "55"]
[GameID "323088"]

1. e4 c5 2. d4 cxd4 3. c3 dxc3 4. Nxc3 Nc6 5. Nf3 e6 6. Bc4 a6 7. Bf4 b5 8. Bd3 Nge7 9. O-O Ng6 10. Bg3 d6
11. Rc1 Bb7 12. Nxb5 axb5 13. Bxb5 Rc8 14. Nd4 Ne7 15. Qa4 Qd7 16. Rfd1 e5 17. Bxe5 Ra8 18. Qb3 Ra5 19. Bxd6 Nc8 20. Bxf8 Rxb5
21. Nxb5 Qg4 22. Rxc6 Bxc6 23. Nc7+ Kxf8 24. Qb4+ Kg8 25. Rd8+
1-0

[Event "112th US Open (2011)"]
[Site "SchemingMind.com"]
[Date "2012.12.13"]
[Round "-"]
[White "Ezedoke"]
[Black "Till Plewe"]
[Result "1-0"]
[WhiteCountry "ARG"]
[BlackCountry "JPN"]
[WhiteElo "2305"]
[WhiteRD "63"]
[BlackElo "2357"]
[BlackRD "66"]
[GameID "323089"]

1. e4 c5 2. d4 cxd4 3. c3 dxc3 4. Nxc3 e6 5. Nf3 Nc6 6. Be2 d6 7. Qb3 Nf6 8. O-O Qc7 9. Bf4 Qb8 10. Rfe1 Bd7
11. Rad1 a6 12. Bf1 Nh5 13. Be3 b5 14. e5 dxe5 15. Rxd7 Kxd7 16. Ng5 Ke8 17. Nxe6 Be7 18. Nc5 Nd8 19. a4 Nf6 20. axb5 axb5
21. Nd5 Ra5 22. Rd1 Nxd5 23. Qxd5 b4 24. Qd7+ Kf8 25. Na6 Qb7 26. Nc7 Qc6 27. Qc8 g5 28. Bb6 Qxb6 29. Rxd8+ Bxd8 30. Qxd8+ Kg7
31. Ne8+ Rxe8 32. Qxb6 Ra1 33. g3
1-0

[Event "112th US Open (2011)"]
[Site "SchemingMind.com"]
[Date "2012.12.17"]
[Round "-"]
[White "Ezedoke"]
[Black "kubinet"]
[Result "1/2-1/2"]
[WhiteCountry "ARG"]
[BlackCountry "GER"]
[WhiteElo "2325"]
[WhiteRD "65"]
[BlackElo "1503"]
[BlackRD "62"]
[GameID "323091"]

1. e4 c5 2. d4 cxd4 3. c3 dxc3 4. Nxc3 Nc6 5. Nf3 d6 6. Be2 g6 7. Bf4 Bg7 8. Nb5 a6 9. Nc7+ Qxc7 10. O-O Bxb2
11. Rb1 Bg7 12. h3 Nf6 13. Qd3 Nd7 14. Rfc1 Qd8 15. Qe3 O-O 16. Bc4 Nde5 17. Bd5 Nxf3+ 18. Qxf3 Nd4 19. Qe3 Rb8 20. Rd1 Ne6
21. Bh6 b5 22. Rb4 Qd7 23. Bxg7 Kxg7 24. f4 Nc5 25. f5 Bb7 26. Rbd4 Qc7 27. e5 dxe5 28. Rh4 h5 29. fxg6 fxg6 30. Bxb7 Nxb7
31. Rxh5 Qc5 32. Qxc5 Nxc5 33. Rxe5 Na4 34. Rxe7+ Rf7 35. Re6 Ra8 36. Rdd6 Nc5 37. Rxg6+ Kf8 38. Rc6 Rf5 39. Rc7 b4 40. Rh6 Kg8
41. Rg6+ Kf8 42. g4 Re5 43. Rh6 Kg8 44. Rg6+ Kf8 45. Rh6=
1/2-1/2

[Event "112th US Open (2011)"]
[Site "SchemingMind.com"]
[Date "2012.12.14"]
[Round "-"]
[White "DanTheBugMan"]
[Black "Ezedoke"]
[Result "0-1"]
[WhiteCountry "USA"]
[BlackCountry "ARG"]
[WhiteElo "2038"]
[WhiteRD "102"]
[BlackElo "2215"]
[BlackRD "72"]
[GameID "323092"]

1. e4 c5 2. d4 cxd4 3. c3 dxc3 4. Nxc3 Nc6 5. Nf3 e6 6. Bc4 a6 7. O-O b5 8. Bb3 Bb7 9. Qe2 Nge7 10. Bg5 h6
11. Be3 Na5 12. Bc2 Ng6 13. Rfd1 Rc8 14. Bd3 Be7 15. Rac1 O-O
0-1

[Event "112th US Open (2011)"]
[Site "SchemingMind.com"]
[Date "2012.12.12"]
[Round "-"]
[White "Scooter"]
[Black "Ezedoke"]
[Result "0-1"]
[WhiteCountry "USA"]
[BlackCountry "ARG"]
[WhiteElo "1775"]
[WhiteRD "47"]
[BlackElo "2000"]
[BlackRD "87"]
[GameID "323094"]

1. e4 c5 2. d4 cxd4 3. c3 dxc3 4. Nxc3 Nc6 5. Nf3 e6 6. Bg5 Be7 7. Bxe7 Ngxe7 8. Be2 f5 9. O-O fxe4 10. Nxe4 d5
11. Nc3 O-O 12. Rc1 Ng6 13. Nd4 e5 14. Nb3 Nf4 15. Nc5 Qg5 16. g3 Nd4 17. Bf3 Nxf3+
0-1

[Event "112th US Open (2011)"]
[Site "SchemingMind.com"]
[Date "2012.12.13"]
[Round "-"]
[White "Olli Ylönen"]
[Black "Ezedoke"]
[Result "0-1"]
[WhiteCountry "FIN"]
[BlackCountry "ARG"]
[WhiteElo "1906"]
[WhiteRD "55"]
[BlackElo "2000"]
[BlackRD "87"]
[GameID "323095"]

1. e4 c5 2. d4 cxd4 3. c3 dxc3 4. Nxc3 Nc6 5. Nf3 e6 6. Bc4 a6 7. O-O b5 8. Bb3 Bb7 9. Qe2 Na5 10. Bc2 Rc8
11. Rd1 Bc5 12. Bf4 Nf6 13. e5 Ng4 14. Rf1 f5 15. h3 Nh6 16. a3 O-O 17. b4 Ba7 18. bxa5 Rxc3 19. Qd2 Qc7 20. Bd1 Ng4
21. hxg4 fxg4 22. Nd4 Qc4 23. Ne2 Qc6
0-1

[Event "112th US Open (2011)"]
[Site "SchemingMind.com"]
[Date "2012.12.13"]
[Round "-"]
[White "Till Plewe"]
[Black "Ezedoke"]
[Result "1/2-1/2"]
[WhiteCountry "JPN"]
[BlackCountry "ARG"]
[WhiteElo "2357"]
[WhiteRD "66"]
[BlackElo "2305"]
[BlackRD "63"]
[GameID "323096"]

1. e4 c5 2. d4 cxd4 3. c3 dxc3 4. Nxc3 Nc6 5. Nf3 e6 6. Bc4 a6 7. O-O b5 8. Bb3 Bb7 9. a4 b4 10. Nd5 Na5
11. Bg5 Be7 12. Nxe7 Nxe7 13. Bc2 d5 14. Qd4 f6 15. Bxf6 Nac6 16. Bxe7 Nxd4 17. Bxd8 Nxc2 18. Rac1 Rxd8 19. Rxc2 dxe4 20. Ne5 O-O
21. Rfc1 Rf5 22. Ng4 h6 23. Ne3 Rf7 24. Kf1=
1/2-1/2

[Event "112th US Open (2011)"]
[Site "SchemingMind.com"]
[Date "2012.12.13"]
[Round "-"]
[White "Iucounu"]
[Black "Ezedoke"]
[Result "0-1"]
[WhiteCountry "ENG"]
[BlackCountry "ARG"]
[WhiteElo "1409"]
[WhiteRD "52"]
[BlackElo "2305"]
[BlackRD "63"]
[GameID "323097"]

1. e4 c5 2. d4 cxd4 3. c3 dxc3 4. Nxc3 Nc6 5. Nf3 e6 6. Bc4 a6 7. O-O b5 8. Bb3 Bb7 9. Re1 Rc8 10. a4 b4
11. Na2 Na5 12. e5 Bxf3 13. Qxf3 Bc5 14. Bf4 Ne7 15. Bg5 O-O 16. Bc2 Qb6 17. Be3 Bxe3 18. Qxe3 Qxe3 19. Rxe3 Rxc2 20. b3 Nd5
21. Re4 Nxb3 22. Ree1 Nxa1
0-1

[Event "112th US Open (2011)"]
[Site "SchemingMind.com"]
[Date "2012.12.13"]
[Round "-"]
[White "kubinet"]
[Black "Ezedoke"]
[Result "0-1"]
[WhiteCountry "GER"]
[BlackCountry "ARG"]
[WhiteElo "1449"]
[WhiteRD "57"]
[BlackElo "2305"]
[BlackRD "63"]
[GameID "323098"]

1. e4 c5 2. d4 cxd4 3. c3 dxc3 4. Nxc3 Nc6 5. Nf3 e6 6. Be2 Nf6 7. a3 d5 8. exd5 exd5 9. Bg5 Be7 10. O-O Be6
11. Bb5 O-O 12. Qd2 a6 13. Bd3 Bg4 14. Qf4 Bd6 15. Qxg4 Nxg4 16. Bxd8 Raxd8 17. h3 Nf6 18. Rad1 Rfe8 19. Bc2 Na5 20. Kh1 Bf8
21. a4 Nc4 22. b3 Na5 23. Rfe1 Rxe1+ 24. Nxe1 Re8 25. Nf3 Rc8 26. Rd3 Ne4 27. Rxd5 Nxf2+ 28. Kh2 Rxc3 29. Rd2 g6 30. Kg1 Nxh3+
31. Kh2 Nf4
0-1